LIBRARY & INFORMATION CENTRE, KCAET, TAVANUR

ONLINE PUBLIC ACCESS CATALOGUE (OPAC)

PERFORMANCE EVALUATION OF TRACTOR OPERATED YARROW BUND MAKER FOR PADDY CULTIVATION (Record no. 17590)

MARC details
000 -LEADER
fixed length control field 00451nam a22001577a 4500
003 - CONTROL NUMBER IDENTIFIER
control field OSt
082 ## - DEWEY DECIMAL CLASSIFICATION NUMBER
Classification number 630
088 ## - REPORT NUMBER
Report number P558
100 ## - MAIN ENTRY--AUTHOR NAME
Personal name AASHNA, M. S
-- ADITHYA, DEVARAJ
-- AMANA, C
-- ASHITHA, THOMAS
245 ## - TITLE STATEMENT
Title PERFORMANCE EVALUATION OF TRACTOR OPERATED YARROW BUND MAKER FOR PADDY CULTIVATION
260 ## - PUBLICATION, DISTRIBUTION, ETC. (IMPRINT)
Place of publication Thavanur
Year of publication 2022
300 ## - PHYSICAL DESCRIPTION
Number of Pages 68
700 ## - ADDED ENTRY--PERSONAL NAME
Personal name Er. SINDHU, BHASKAR (Guide)
700 ## - ADDED ENTRY--PERSONAL NAME
Personal name Dr. RAJESH, A. N (Guide)
942 ## - ADDED ENTRY ELEMENTS (KOHA)
Koha item type Project Report
Holdings
Collection code Home library Current library Shelving location Full call number Accession Number Koha item type
Reference KAUAET KAUAET Reference1 630 P 558 Project Report
free website counter